000 00591nam a2200181 i 4500
001 62393
003 ES-MaACL
005 20250809020454.0
007 t|
008 031120s1953 sp ||||1| spa d
100 1 _aFenech, Miguel (
_d1912-1987)
_949244
245 1 3 _aEl abogado de todos
_b: enciclopedia práctica de derecho /
_cbajo la dirección de Miguel Fenech.
260 _aBarcelona :
_bLabor,
_c1953 (
_fMariano Galve)
300 _a2 v. :
_bil. ;
_c26 cm.
650 7 _aDerecho-
_zEspaña
_2
_9141531
852 _aES-MaACL
_jC-5671-72
_bR.34739
999 _c62393
_d62393